[Event "75th ch-RUS w 2025"]
[Site "Moscow RUS"]
[Date "2025.10.08"]
[Round "7.6"]
[White "Shuvalova, Polina"]
[Black "Bodnaruk, Anastasia"]
[Result "1-0"]
[WhiteTitle "IM"]
[BlackTitle "IM"]
[WhiteElo "2479"]
[BlackElo "2362"]
[WhiteFideId "24171760"]
[BlackFideId "4181751"]
[EventDate "2025.10.01"]

1. e4 c5 2. Nf3 d6 3. d4 cxd4 4. Nxd4 Nf6 5. Nc3 a6 6. Be3 e5 7. Nb3 Be7 8. f3
Be6 9. Qd2 h5 10. Nd5 Nxd5 11. exd5 Bf5 12. Be2 a5 13. a4 Bh4+ 14. g3 Be7 15.
Bb5+ Nd7 16. h3 Bg6 17. O-O-O O-O 18. Qf2 Qc7 19. Rhe1 h4 20. c3 hxg3 21. Qxg3
Nf6 22. Rg1 Qc8 23. Qg2 Nh5 24. Nd2 Qf5 25. Ne4 Nf6 26. Nxf6+ Bxf6 27. Bd3 Qh5
28. Bxg6 fxg6 29. Qxg6 Qxg6 30. Rxg6 Kf7 31. Rg4 Rh8 32. Rh1 Rh5 33. Kd2 Rah8
34. Rc4 Rxh3 35. Rc7+ Kg6 36. Rxh3 Rxh3 37. Rxb7 Kf5 38. b4 e4 39. bxa5 Rh2+ 40.
Kd1 exf3 41. Rb4 g5 42. a6 Re2 43. Bb6 Re8 44. a7 g4 45. Bf2 Ra8 46. Rb8 g3 47.
Bb6 Rxa7 48. Bxa7 Ke4 49. Re8+ Kxd5 50. Re3 Bd4 51. Bxd4 1-0

[Event "75th ch-RUS w 2025"]
[Site "Moscow RUS"]
[Date "2025.10.09"]
[Round "8.1"]
[White "Charochkina, Daria"]
[Black "Gunina, Valentina"]
[Result "1/2-1/2"]
[WhiteTitle "IM"]
[BlackTitle "GM"]
[WhiteElo "2274"]
[BlackElo "2405"]
[WhiteFideId "4180917"]
[BlackFideId "4167570"]
[EventDate "2025.10.01"]

1. d4 d5 2. c4 c6 3. Nf3 Nf6 4. g3 Bf5 5. Nc3 e6 6. Nh4 dxc4 7. Nxf5 exf5 8. e3
Bd6 9. Bxc4 O-O 10. O-O Nbd7 11. a4 a5 12. f3 Nb6 13. Bb3 Nbd5 14. Qd3 Qd7 15.
e4 Nb4 16. Qe2 Bc7 17. Be3 fxe4 18. fxe4 Ng4 19. e5 Nxe3 20. Qxe3 Bb6 21. Rad1
Kh8 22. Rf4 Rae8 23. Kh1 f5 24. Rff1 Qe7 25. Qf3 g6 26. Ne2 g5 27. Qc3 Rd8 28.
Rf3 Nd5 29. Bxd5 Rxd5 30. Rdf1 Qd7 31. Qa3 Kg7 32. Qd3 Bxd4 33. e6 Qd6 34. e7
Re8 35. Nxd4 Rxd4 36. Qxf5 Qxe7 37. Qxa5 h6 38. Qc3 Qe4 39. Kg1 Re7 40. b3 Kh7
41. Qc5 Rdd7 42. Qc3 1/2-1/2

[Event "75th ch-RUS w 2025"]
[Site "Moscow RUS"]
[Date "2025.10.09"]
[Round "8.2"]
[White "Shukhman, Anna"]
[Black "Shuvalova, Polina"]
[Result "1/2-1/2"]
[WhiteTitle "WGM"]
[BlackTitle "IM"]
[WhiteElo "2404"]
[BlackElo "2479"]
[WhiteFideId "54180058"]
[BlackFideId "24171760"]
[EventDate "2025.10.01"]

1. e4 e5 2. Nf3 Nc6 3. Bb5 a6 4. Ba4 Nf6 5. O-O Be7 6. Re1 b5 7. Bb3 d6 8. c3
O-O 9. h3 Bb7 10. d4 Re8 11. Nbd2 Bf8 12. a3 h6 13. Bc2 Nb8 14. b4 Nbd7 15. Bb2
Rc8 16. Rc1 g6 17. c4 exd4 18. cxb5 axb5 19. Nxd4 c6 20. a4 bxa4 21. Bxa4 c5 22.
bxc5 dxc5 23. N4f3 Bc6 24. e5 Nd5 25. e6 Rxe6 26. Rxe6 fxe6 27. Bxc6 Rxc6 28.
Qa4 Rb6 29. Nc4 Rb4 30. Qc2 Qe8 31. Re1 Bg7 32. Ba3 Rb8 33. Qe4 Qf7 34. Nfe5
Nxe5 35. Nxe5 Qf5 36. Bxc5 Qxe4 37. Rxe4 Rb1+ 38. Kh2 Nc3 39. Re3 Nd5 40. Re4
Nc3 41. Re3 1/2-1/2

[Event "75th ch-RUS w 2025"]
[Site "Moscow RUS"]
[Date "2025.10.09"]
[Round "8.3"]
[White "Garifullina, Leya"]
[Black "Kovalevskaya, Ekaterina"]
[Result "1-0"]
[WhiteTitle "IM"]
[BlackTitle "IM"]
[WhiteElo "2453"]
[BlackElo "2280"]
[WhiteFideId "34127035"]
[BlackFideId "4116704"]
[EventDate "2025.10.01"]

1. e4 c5 2. Nf3 Nc6 3. Bb5 e6 4. O-O Nge7 5. d4 cxd4 6. Nxd4 a6 7. Be2 d5 8.
exd5 Qxd5 9. Nb3 Qe5 10. N1d2 Qc7 11. Nc4 Nd5 12. Bf3 Be7 13. Bxd5 exd5 14. Ne3
Be6 15. Nxd5 Bxd5 16. Qxd5 O-O 17. c3 Bd6 18. Qh5 Rfe8 19. Nd2 Re5 20. Qf3 Re6
21. h3 Ne5 22. Qf5 Rae8 23. Ne4 Be7 24. Ng5 Bxg5 25. Bxg5 Nc4 26. b3 Nd6 27. Qc2
Ne4 28. Bd2 Nxd2 29. Qxd2 Re2 30. Qd3 h6 31. a4 Rb2 32. Rab1 Rbe2 33. c4 Qf4 34.
Qc3 R2e6 35. Rbe1 Re2 36. Rxe2 Rxe2 37. c5 Qe4 38. b4 Rc2 39. Re1 Qxg2+ 40. Kxg2
Rxc3 41. Re8+ Kh7 42. Re7 a5 43. Rxf7 axb4 44. Rxb7 Rxc5 45. Rxb4 Rc3 46. h4 Kg6
47. Rb5 h5 48. a5 Ra3 49. f3 Ra2+ 50. Kg3 Ra4 51. Rd5 Rb4 52. Rd6+ Kf5 53. Rd7
g6 54. Rf7+ Ke5 55. Re7+ Kd5 56. Rg7 Rb1 57. a6 Ke5 58. a7 Rg1+ 59. Kf2 Ra1 60.
Rxg6 Rxa7 61. Kg3 Rh7 62. Rg5+ Kf6 63. Kf4 Ra7 64. Rxh5 Ra4+ 65. Kg3 Rb4 66. Rg5
Ra4 67. Rg4 Ra1 68. h5 Kf5 69. h6 Rh1 70. Rh4 Rg1+ 71. Kf2 Rg8 72. h7 Rh8 73.
Kg3 Kg5 74. Rh1 Kf5 75. f4 Kf6 76. Kg4 Kg6 77. f5+ Kg7 78. Kg5 Rxh7 79. Rxh7+
Kxh7 80. Kf6 1-0

[Event "75th ch-RUS w 2025"]
[Site "Moscow RUS"]
[Date "2025.10.09"]
[Round "8.5"]
[White "Potapova, Margarita"]
[Black "Zhapova, Yana"]
[Result "1/2-1/2"]
[WhiteTitle "WIM"]
[BlackTitle "FM"]
[WhiteElo "2275"]
[BlackElo "2292"]
[WhiteFideId "14126869"]
[BlackFideId "24278670"]
[EventDate "2025.10.01"]

1. d4 Nf6 2. c4 e6 3. Nf3 d5 4. Nc3 Bb4 5. Bg5 h6 6. Bxf6 Qxf6 7. e3 O-O 8. Rc1
dxc4 9. Bxc4 c5 10. O-O cxd4 11. Ne4 Qe7 12. a3 Ba5 13. exd4 Rd8 14. Rc2 Nc6 15.
b4 Bc7 16. Rd2 Qf8 17. Qc2 Bf4 18. Rdd1 Ne7 19. Ne5 f6 20. Nf3 Nd5 21. Nc3 Qf7
22. Rfe1 b6 23. h3 Bb7 24. Nxd5 Bxd5 25. Bxd5 exd5 26. Qf5 Bc7 27. Re3 g6 28.
Qd3 Bf4 29. Re2 Re8 30. Rde1 Kg7 31. g3 Bd6 32. Kg2 Rxe2 33. Rxe2 Rc8 34. Re3 h5
35. Nh4 Rc4 36. Nf3 a5 37. bxa5 bxa5 38. Qb3 Qd7 39. Qb6 a4 40. Qa5 Rc2 41. Qa8
Qc6 42. Qd8 Qc7 43. Qe8 Qc6 44. Qd8 Qc7 1/2-1/2

[Event "75th ch-RUS w 2025"]
[Site "Moscow RUS"]
[Date "2025.10.09"]
[Round "8.6"]
[White "Goltseva, Ekaterina"]
[Black "Girya, Olga"]
[Result "1/2-1/2"]
[WhiteTitle "FM"]
[BlackTitle "GM"]
[WhiteElo "2347"]
[BlackElo "2401"]
[WhiteFideId "24173770"]
[BlackFideId "4195752"]
[EventDate "2025.10.01"]

1. Nf3 d5 2. c4 e6 3. g3 Nf6 4. Bg2 Be7 5. O-O O-O 6. d3 c5 7. Ne5 Qc7 8. f4 Rd8
9. Nc3 a6 10. Qe1 d4 11. Nd1 Nfd7 12. Nf3 Nc6 13. e4 dxe3 14. Nxe3 Nf8 15. f5
Rxd3 16. Bd2 b5 17. fxe6 Bxe6 18. Nd5 Bxd5 19. cxd5 Rxd5 20. Bf4 Qd7 21. Ne5
Nxe5 22. Bxd5 Qxd5 23. Qxe5 Qxe5 24. Bxe5 Ng6 25. Bc3 b4 26. Bd2 Bf6 27. Rab1
Bd4+ 28. Kg2 Ne5 29. b3 a5 30. Rfe1 a4 31. Be3 f6 32. Bxd4 cxd4 33. bxa4 Rxa4
34. Re2 d3 35. Rd2 Kf7 36. Re1 Ke6 37. Rxd3 Rxa2+ 38. Kg1 Rb2 39. Ree3 Rb1+ 40.
Kg2 Rb2+ 41. Kg1 g5 42. Rb3 Rxb3 43. Rxb3 Nc6 44. Kf2 Kd5 45. Ke3 Kc4 46. Rb1
Ne5 47. Rc1+ Kd5 48. Rd1+ Kc4 49. Rc1+ Kd5 50. Rd1+ Kc4 51. Ke4 1/2-1/2

[Event "75th ch-RUS w 2025"]
[Site "Moscow RUS"]
[Date "2025.10.10"]
[Round "9.1"]
[White "Kovalevskaya, Ekaterina"]
[Black "Charochkina, Daria"]
[Result "1-0"]
[WhiteTitle "IM"]
[BlackTitle "IM"]
[WhiteElo "2280"]
[BlackElo "2274"]
[WhiteFideId "4116704"]
[BlackFideId "4180917"]
[EventDate "2025.10.01"]

1. Nf3 d5 2. c4 e6 3. g3 c5 4. Bg2 Nc6 5. cxd5 exd5 6. d4 Nf6 7. O-O Be7 8. dxc5
Bxc5 9. a3 Ne4 10. Nfd2 f5 11. b4 Be7 12. Nxe4 dxe4 13. Bb2 Qxd1 14. Rxd1 O-O
15. Nc3 Bf6 16. Rab1 Be6 17. Nd5 Bxb2 18. Rxb2 Rf7 19. Rbd2 Ne5 20. Ne3 Rc7 21.
g4 f4 22. Nd5 Bxd5 23. Rxd5 Nxg4 24. Bxe4 Nf6 25. Rd8+ Rxd8 26. Rxd8+ Kf7 27.
Bf3 Nd7 28. Kg2 Ne5 29. Be4 h6 30. h4 g6 31. Rh8 Kg7 32. Re8 Ng4 33. Rb8 b6 34.
Kf3 Nf6 35. Kxf4 Rf7 36. Ra8 Nxe4+ 37. Kxe4 Rxf2 38. Rxa7+ Kf6 39. Kd3 Rh2 40.
Ra6 Rxh4 41. Rxb6+ Kf5 42. a4 Rh3+ 43. e3 g5 44. a5 g4 45. Rb5+ Ke6 46. a6 g3
47. a7 g2 48. a8=Q Rxe3+ 49. Kd2 g1=Q 50. Qe8+ 1-0

[Event "75th ch-RUS w 2025"]
[Site "Moscow RUS"]
[Date "2025.10.10"]
[Round "9.2"]
[White "Zhapova, Yana"]
[Black "Goltseva, Ekaterina"]
[Result "0-1"]
[WhiteTitle "FM"]
[BlackTitle "FM"]
[WhiteElo "2292"]
[BlackElo "2347"]
[WhiteFideId "24278670"]
[BlackFideId "24173770"]
[EventDate "2025.10.01"]

1. e4 e5 2. Nf3 Nc6 3. Bc4 d6 4. O-O Bg4 5. c3 Nf6 6. d3 Be7 7. h3 Bh5 8. a4 Qd7
9. a5 a6 10. b4 Nd8 11. Kh2 Ne6 12. g4 Bg6 13. Na3 c6 14. Bb3 Qc7 15. Be3 d5 16.
Bb6 Qb8 17. d4 exd4+ 18. e5 dxc3 19. Nc2 h5 20. Kg1 hxg4 21. exf6 Rxh3 22. fxg7
gxf3 23. g8=Q+ Nf8 0-1

[Event "75th ch-RUS w 2025"]
[Site "Moscow RUS"]
[Date "2025.10.10"]
[Round "9.3"]
[White "Gunina, Valentina"]
[Black "Potapova, Margarita"]
[Result "1-0"]
[WhiteTitle "GM"]
[BlackTitle "WIM"]
[WhiteElo "2405"]
[BlackElo "2275"]
[WhiteFideId "4167570"]
[BlackFideId "14126869"]
[EventDate "2025.10.01"]

1. d4 Nf6 2. c4 e6 3. Nc3 Bb4 4. e3 O-O 5. Bd3 d5 6. a3 dxc4 7. Bxc4 Bd6 8. Nf3
Nc6 9. O-O e5 10. h3 Bf5 11. d5 Ne7 12. Nh4 Bd7 13. e4 Ng6 14. Nxg6 fxg6 15. Be3
Nh5 16. Be2 Nf4 17. Bg4 h5 18. Bxd7 Qxd7 19. Re1 a6 20. Rc1 b5 21. Ne2 g5 22.
Rc6 Rf6 23. Nc1 Qf7 24. Nd3 Qg6 25. Bxf4 gxf4 26. Qf3 Qf7 27. Nc5 g5 28. Nxa6
Kh7 29. Rec1 Rc8 30. Nc5 Qg6 31. Nd7 Kh6 32. Nxf6 Qxf6 33. Rxd6 1-0

[Event "75th ch-RUS w 2025"]
[Site "Moscow RUS"]
[Date "2025.10.10"]
[Round "9.5"]
[White "Shuvalova, Polina"]
[Black "Garifullina, Leya"]
[Result "1/2-1/2"]
[WhiteTitle "IM"]
[BlackTitle "IM"]
[WhiteElo "2479"]
[BlackElo "2453"]
[WhiteFideId "24171760"]
[BlackFideId "34127035"]
[EventDate "2025.10.01"]

1. e4 e5 2. Nf3 Nc6 3. Bc4 Bc5 4. b4 Bxb4 5. c3 Ba5 6. d4 d6 7. Qb3 Qd7 8. O-O
Bb6 9. Nbd2 Na5 10. Qc2 Nxc4 11. Nxc4 Qc6 12. Nxb6 axb6 13. dxe5 dxe5 14. Nxe5
Qa4 15. Qd3 Ne7 16. f4 f6 17. Nf3 Be6 18. Re1 O-O 19. f5 Qc4 20. Rd1 Qxd3 21.
Rxd3 Bxa2 22. Bf4 Bc4 23. Rdd1 Rxa1 24. Rxa1 Bd3 25. Nd2 c5 26. Bc7 Rc8 27. Bxb6
g6 28. g4 h5 29. h3 hxg4 30. hxg4 Be2 31. g5 Kf7 32. Kf2 Ba6 33. fxg6+ Nxg6 34.
gxf6 Kxf6 35. Ra5 Ne5 36. Nb3 Nc4 37. Rxa6 bxa6 38. Bxc5 a5 39. Bd4+ Kg5 40. Nc5
Ra8 41. Ke2 Kf4 42. Kd3 Ne5+ 43. Kc2 a4 44. Kb2 Nc4+ 45. Ka2 a3 46. e5 Nxe5 47.
Bxe5+ Kxe5 48. Nd3+ Ke4 49. Nb4 Ke3 50. Kb3 Kd2 51. c4 Rb8 52. Kxa3 Kc3 53. Na2+
Kxc4 54. Nc1 Rb1 55. Na2 Rb3+ 56. Ka4 Rb2 57. Ka3 Rb1 58. Ka4 Rb3 59. Nc1 Rh3
60. Na2 Rb3 61. Nc1 Rb6 62. Ka3 Rb8 63. Na2 Rh8 64. Kb2 Rh2+ 65. Ka3 Rg2 66. Nc1
Rf2 67. Na2 Rc2 68. Nb4 Rc3+ 69. Ka4 Rh3 70. Na6 Rh5 71. Nb4 Rh2 72. Ka3 Rh8 73.
Na2 Rb8 74. Nc1 Rb1 75. Na2 Rh1 76. Kb2 Rh3 77. Nc1 Rh2+ 78. Ka3 1/2-1/2

[Event "75th ch-RUS w 2025"]
[Site "Moscow RUS"]
[Date "2025.10.10"]
[Round "9.6"]
[White "Bodnaruk, Anastasia"]
[Black "Shukhman, Anna"]
[Result "1-0"]
[WhiteTitle "IM"]
[BlackTitle "WGM"]
[WhiteElo "2362"]
[BlackElo "2404"]
[WhiteFideId "4181751"]
[BlackFideId "54180058"]
[EventDate "2025.10.01"]

1. e4 c5 2. Nf3 e6 3. c3 Nf6 4. e5 Nd5 5. d4 cxd4 6. cxd4 d6 7. a3 Nc6 8. b4
dxe5 9. dxe5 Qc7 10. Bb2 g5 11. Bb5 Bg7 12. O-O Bd7 13. Re1 O-O-O 14. Nbd2 g4
15. Bxc6 Bxc6 16. Nd4 Nf4 17. b5 Nd3 18. bxc6 Nxb2 19. Qxg4 Bh6 20. N2b3 Nd3 21.
Re4 Kb8 22. Qh3 f5 23. exf6 e5 24. Qxd3 exd4 25. Nxd4 Bf8 26. Rb1 b6 27. Qc4 Rc8
28. Re6 Qf4 29. g3 Rg8 30. Kf1 Qc7 31. Nb5 Qf7 32. c7+ Kb7 33. Qe4+ 1-0

[Event "75th ch-RUS w 2025"]
[Site "Moscow RUS"]
[Date "2025.10.11"]
[Round "10.1"]
[White "Potapova, Margarita"]
[Black "Kovalevskaya, Ekaterina"]
[Result "1/2-1/2"]
[WhiteTitle "WIM"]
[BlackTitle "IM"]
[WhiteElo "2275"]
[BlackElo "2280"]
[WhiteFideId "14126869"]
[BlackFideId "4116704"]
[EventDate "2025.10.01"]

1. e4 e5 2. Nf3 Nc6 3. Bb5 a6 4. Ba4 Nf6 5. O-O Be7 6. Re1 b5 7. Bb3 d6 8. c3
O-O 9. h3 Re8 10. d4 Bb7 11. Nbd2 Bf8 12. Bc2 g6 13. d5 Nb8 14. c4 c6 15. b3
Nbd7 16. Nf1 a5 17. Be3 a4 18. g4 axb3 19. axb3 Qc7 20. Qe2 Ba6 21. Bd3 bxc4 22.
Bxc4 cxd5 23. Bxa6 dxe4 24. N3d2 d5 25. Bg5 Reb8 26. Bb5 Qd6 27. Rac1 Qb4 28.
Ba4 h6 29. Bh4 Bc5 30. Ne3 g5 31. Bg3 Bxe3 32. fxe3 Rc8 33. Qf2 Qd6 34. Qf5 Qe6
35. Qf2 Nc5 36. Rf1 Kg7 37. Bb5 Ra2 38. b4 Nd3 39. Bxd3 Rxc1 40. Rxc1 exd3 41.
Qe1 h5 42. b5 hxg4 43. b6 Nd7 44. b7 Qb6 45. Rb1 Rb2 46. Rxb2 Qxb2 47. hxg4 Qxb7
48. Qa1 Qb4 49. Bxe5+ f6 50. Bc3 Qxg4+ 51. Kh2 Qe2+ 52. Kh1 Qxe3 53. Qa5 d4 54.
Bb4 Ne5 55. Qa8 Kg6 56. Kg2 Kf5 57. Qh8 Qe2+ 58. Kg1 Qg4+ 59. Kf1 Qh4 60. Qa8
Qh3+ 61. Kg1 Qe3+ 62. Kg2 Kg4 63. Ne4 Qf3+ 64. Kg1 Qd1+ 65. Kg2 Qe2+ 66. Nf2+
Kf4 67. Bd2+ Kf5 68. Qc8+ Kg6 69. Qg8+ Kf5 70. Qc8+ Kg6 71. Qg8+ Kf5 1/2-1/2

[Event "75th ch-RUS w 2025"]
[Site "Moscow RUS"]
[Date "2025.10.11"]
[Round "10.2"]
[White "Garifullina, Leya"]
[Black "Bodnaruk, Anastasia"]
[Result "1-0"]
[WhiteTitle "IM"]
[BlackTitle "IM"]
[WhiteElo "2453"]
[BlackElo "2362"]
[WhiteFideId "34127035"]
[BlackFideId "4181751"]
[EventDate "2025.10.01"]

1. e4 c5 2. Nf3 d6 3. d4 cxd4 4. Nxd4 Nf6 5. Nc3 a6 6. Rg1 e5 7. Nb3 h5 8. Bg5
Be6 9. Qd2 Nbd7 10. f4 Qb6 11. Rh1 Rc8 12. f5 Bc4 13. Bxc4 Rxc4 14. Qd3 Qc7 15.
O-O-O Be7 16. Kb1 Rxc3 17. bxc3 Nb6 18. Bxf6 gxf6 19. Ka1 Kd7 20. Rb1 Rc8 21.
Nd2 Ke8 22. Rhe1 Na4 23. c4 Qa5 24. Re3 b5 25. Rh3 bxc4 26. Nxc4 Qc5 27. Ne3 Nc3
28. Rb3 Qa5 29. a3 Na4 30. Nd5 Nc5 31. Qe2 Nxb3+ 32. Rxb3 Bd8 33. Kb2 Qc5 34.
Qd3 Qf2 35. g3 a5 36. h3 Kf8 37. Rb7 a4 38. Nb4 Be7 39. Qd5 Rc5 40. Qd1 Rc4 41.
Qxh5 Qd4+ 42. Ka2 Ke8 43. Qh8+ 1-0

[Event "75th ch-RUS w 2025"]
[Site "Moscow RUS"]
[Date "2025.10.11"]
[Round "10.3"]
[White "Charochkina, Daria"]
[Black "Shuvalova, Polina"]
[Result "1-0"]
[WhiteTitle "IM"]
[BlackTitle "IM"]
[WhiteElo "2274"]
[BlackElo "2479"]
[WhiteFideId "4180917"]
[BlackFideId "24171760"]
[EventDate "2025.10.01"]

1. d4 d5 2. c4 c6 3. Nf3 Nf6 4. g3 Bf5 5. Nc3 e6 6. Nh4 Be4 7. f3 Bg6 8. Qb3 Qd7
9. Nxg6 hxg6 10. Be3 Be7 11. Bf2 O-O 12. Bh3 a5 13. c5 Qc7 14. O-O Nbd7 15. g4
g5 16. Bg3 e5 17. e3 Rfe8 18. Kh1 Bd8 19. e4 dxe4 20. fxe4 Qc8 21. dxe5 Nxe5 22.
Rf5 Bc7 23. Raf1 a4 24. Nxa4 Ra5 25. Nc3 Rxc5 26. Rxg5 Ned7 27. e5 Bxe5 28. Ne4
Rb5 29. Qf3 Qc7 30. Rxg7+ Kxg7 31. g5 Rh8 32. Bxd7 Kf8 33. Qa3+ c5 34. Qa8+ Ke7
35. gxf6+ Kxd7 36. Qxh8 Qc6 37. Rd1+ Bd4 38. Qh3+ Kd8 39. Qg2 b6 40. b3 Ra5 41.
Be1 1-0

[Event "75th ch-RUS w 2025"]
[Site "Moscow RUS"]
[Date "2025.10.11"]
[Round "10.5"]
[White "Goltseva, Ekaterina"]
[Black "Gunina, Valentina"]
[Result "1-0"]
[WhiteTitle "FM"]
[BlackTitle "GM"]
[WhiteElo "2347"]
[BlackElo "2405"]
[WhiteFideId "24173770"]
[BlackFideId "4167570"]
[EventDate "2025.10.01"]

1. d4 d5 2. c4 c6 3. Nf3 Nf6 4. Nc3 e6 5. Bg5 Nbd7 6. e3 h6 7. Bh4 Be7 8. Qc2
O-O 9. Rd1 b6 10. Bd3 Ba6 11. b3 dxc4 12. bxc4 c5 13. d5 exd5 14. cxd5 c4 15.
Bf5 Nc5 16. Ne5 Qe8 17. Bg3 Bd6 18. Nd7 Qe7 19. Nxf8 Rxf8 20. Bxd6 Qxd6 21. O-O
Re8 22. a4 g6 23. Bxg6 fxg6 24. Qxg6+ Kf8 25. Qxh6+ Kf7 26. Rd4 Rg8 27. f3 Rg6
28. Qf4 Ke7 29. Qxd6+ Kxd6 30. Nb5+ Bxb5 31. axb5 c3 32. e4 Nh5 33. f4 Nb3 34.
Rc4 Rg4 35. Rxc3 Nd4 36. h3 Rxf4 37. Rxf4 Nxf4 38. Kf2 Nxb5 39. Rc6+ Ke5 40. g3
Nxh3+ 41. Ke3 Nd6 42. Rc7 Ng5 43. Re7+ Kf6 44. Rxa7 Ngxe4 45. g4 Ke5 46. Re7+
Kxd5 47. Kf4 Nc5 48. g5 Nd3+ 49. Kg4 Ne5+ 50. Kh5 Nc6 51. Re1 Nd4 52. g6 Ne6 53.
Rb1 Ng7+ 54. Kh6 Ndf5+ 55. Kg5 Kc5 56. Rc1+ Kd5 57. Kf6 b5 58. Rf1 Ke4 59. Rb1
Ne8+ 60. Ke6 Nd4+ 61. Kf7 Nd6+ 62. Ke7 N4f5+ 63. Ke6 Ne8 64. Re1+ Ne3 65. Kf7
Nd6+ 66. Ke6 Nf5 67. Rxe3+ Nxe3 68. g7 b4 69. g8=Q Kd4 70. Qb8 Nc2 71. Qe5+ Kc4
72. Qb2 b3 73. Ke5 Kb4 74. Kd5 Na3 75. Kd4 Nb5+ 76. Kd3 Ka4 77. Kc4 Nd6+ 78. Kc5
Nb7+ 79. Kb6 Nd8 80. Kc7 Ne6+ 81. Kd6 Ng5 82. Kd5 Nf7 83. Kc5 1-0

[Event "75th ch-RUS w 2025"]
[Site "Moscow RUS"]
[Date "2025.10.11"]
[Round "10.6"]
[White "Girya, Olga"]
[Black "Zhapova, Yana"]
[Result "1-0"]
[WhiteTitle "GM"]
[BlackTitle "FM"]
[WhiteElo "2401"]
[BlackElo "2292"]
[WhiteFideId "4195752"]
[BlackFideId "24278670"]
[EventDate "2025.10.01"]

1. d4 Nf6 2. c4 e6 3. Nf3 d5 4. g3 Bb4+ 5. Nbd2 O-O 6. Bg2 b6 7. O-O Bb7 8. Qc2
a5 9. cxd5 exd5 10. Nb1 Nbd7 11. Bf4 c6 12. a3 Be7 13. Nc3 Re8 14. Rfd1 Nh5 15.
Bd2 Nhf6 16. Bf4 Nh5 17. Be5 f6 18. Bf4 Nxf4 19. gxf4 Nf8 20. e3 Bc8 21. Ne2 Bd7
22. Ng3 Ng6 23. h4 Nh8 24. h5 Nf7 25. Bf1 Bg4 26. Kg2 Nd6 27. Bd3 h6 28. Qxc6
Be6 29. Qc2 Rc8 30. Qb1 Bg4 31. Bh7+ Kh8 32. Rg1 Qd7 33. Nh4 Bxh5 34. Nxh5 Qg4+
35. Kf1 Qxh5 36. Ng6+ Kxh7 37. Nf8+ Kg8 38. Qh7+ 1-0

[Event "75th ch-RUS w 2025"]
[Site "Moscow RUS"]
[Date "2025.10.12"]
[Round "11.1"]
[White "Shukhman, Anna"]
[Black "Garifullina, Leya"]
[Result "1-0"]
[WhiteTitle "WGM"]
[BlackTitle "IM"]
[WhiteElo "2404"]
[BlackElo "2453"]
[WhiteFideId "54180058"]
[BlackFideId "34127035"]
[EventDate "2025.10.01"]

1. e4 e5 2. Nf3 Nc6 3. Bb5 Nf6 4. d3 Bc5 5. Bxc6 dxc6 6. Bg5 Qd6 7. Nbd2 Be6 8.
a3 a5 9. b4 Ba7 10. O-O Nd7 11. Nc4 Bxc4 12. dxc4 f6 13. Bd2 Qe6 14. Qe2 O-O 15.
c5 b6 16. c4 axb4 17. cxb6 cxb6 18. axb4 Rfb8 19. Be3 Rb7 20. Rfd1 Rc8 21. h3
Bb8 22. Ra8 Nf8 23. Qa2 Bc7 24. b5 Rbb8 25. Ra7 Bd8 26. Nh4 cxb5 27. Nf5 Bc7 28.
cxb5 Qxa2 29. Rxa2 Rd8 30. Ne7+ Kf7 31. Rxd8 Bxd8 32. Nc6 Rc8 33. Ra7+ Kg6 34.
Re7 1-0

[Event "75th ch-RUS w 2025"]
[Site "Moscow RUS"]
[Date "2025.10.12"]
[Round "11.2"]
[White "Gunina, Valentina"]
[Black "Girya, Olga"]
[Result "1-0"]
[WhiteTitle "GM"]
[BlackTitle "GM"]
[WhiteElo "2405"]
[BlackElo "2401"]
[WhiteFideId "4167570"]
[BlackFideId "4195752"]
[EventDate "2025.10.01"]

1. e4 e5 2. Nf3 Nc6 3. Nc3 Nf6 4. d4 exd4 5. Nxd4 Bb4 6. Nxc6 bxc6 7. Bd3 O-O 8.
O-O d5 9. exd5 cxd5 10. h3 c6 11. Qf3 Bd6 12. Bg5 h6 13. Bf4 Rb8 14. b3 Rb7 15.
Rad1 Re8 16. Na4 c5 17. Rfe1 Rbe7 18. Rxe7 Qxe7 19. Bxd6 Qxd6 20. Qg3 Qc6 21.
Nc3 a6 22. Be2 d4 23. Bf3 Qe6 24. Na4 Qf5 25. Qc7 Qxc2 26. Rxd4 Bd7 27. Rxd7
Nxd7 28. Qxd7 Re1+ 29. Kh2 Qxf2 30. Qc8+ Kh7 31. Qxc5 Qf1 32. Nc3 Qh1+ 33. Kg3
Re6 34. Qd4 Rg6+ 35. Kf2 Re6 36. Qd2 Qh2 37. Ne2 Qe5 38. Qf4 Qc5+ 39. Kg3 f5 40.
Nd4 Rf6 41. Kh2 g6 42. Ne2 Rb6 43. Qc1 Qe5+ 44. Kg1 Rd6 45. Qc7+ Kh8 46. Kf2 f4
47. Be4 Kg8 48. b4 Qf6 49. Qc1 g5 50. a4 Kf8 51. Qc5 Ke7 52. b5 axb5 53. axb5
Qb2 54. Kf3 Qd2 55. Nc3 Kf6 56. Nd5+ Rxd5 57. Bxd5 Qd3+ 58. Kf2 Qd2+ 59. Kg1
Qe1+ 60. Kh2 Qg3+ 61. Kh1 Qe1+ 62. Qg1 1-0

[Event "75th ch-RUS w 2025"]
[Site "Moscow RUS"]
[Date "2025.10.12"]
[Round "11.3"]
[White "Kovalevskaya, Ekaterina"]
[Black "Goltseva, Ekaterina"]
[Result "1/2-1/2"]
[WhiteTitle "IM"]
[BlackTitle "FM"]
[WhiteElo "2280"]
[BlackElo "2347"]
[WhiteFideId "4116704"]
[BlackFideId "24173770"]
[EventDate "2025.10.01"]

1. Nf3 d5 2. c4 e6 3. g3 Nf6 4. Bg2 Be7 5. d4 O-O 6. Nc3 dxc4 7. Ne5 Nc6 8. Bxc6
bxc6 9. Nxc6 Qe8 10. Nxe7+ Qxe7 11. Qa4 Nd5 12. Qxc4 a5 13. O-O Ba6 14. Nxd5
exd5 15. Qc2 Bxe2 16. Re1 Rfe8 17. Bf4 Qe6 18. Rac1 Qg4 19. Qc6 Rac8 20. Qxd5
Bf3 21. h3 Bxd5 22. hxg4 c6 23. b3 h6 24. Bd2 Rxe1+ 25. Bxe1 Ra8 26. a3 Bxb3 27.
Rxc6 a4 28. Rc5 Rd8 29. Bc3 Be6 30. f3 Rc8 31. Kf2 Kf8 32. Ke3 Ke7 33. Bb4 Rxc5
34. Bxc5+ Ke8 35. Ke4 Bb3 36. f4 g6 37. Ke5 Kd7 38. Kf6 h5 39. gxh5 gxh5 40. Ke5
Bc2 41. d5 Bb3 42. Bb4 Bc4 43. d6 Bb3 44. Kf6 Bc4 45. Kg7 Bb3 46. Bc5 Bc4 47.
Kh6 Be2 48. Kg5 Bd1 49. Bb4 Be2 50. Kf6 1/2-1/2

[Event "75th ch-RUS w 2025"]
[Site "Moscow RUS"]
[Date "2025.10.12"]
[Round "11.5"]
[White "Bodnaruk, Anastasia"]
[Black "Charochkina, Daria"]
[Result "1/2-1/2"]
[WhiteTitle "IM"]
[BlackTitle "IM"]
[WhiteElo "2362"]
[BlackElo "2274"]
[WhiteFideId "4181751"]
[BlackFideId "4180917"]
[EventDate "2025.10.01"]

1. e4 e5 2. Nf3 Nc6 3. Bb5 a6 4. Ba4 Nf6 5. O-O b5 6. Bb3 Bc5 7. c3 d6 8. d4 Bb6
9. h3 Bb7 10. Re1 O-O 11. Bg5 h6 12. Bh4 g5 13. Bg3 Re8 14. dxe5 Nxe5 15. Bc2
Ng6 16. Nbd2 Nh5 17. Nf1 Ngf4 18. Nd4 Qf6 19. Ne3 Bc8 20. Bh2 Bd7 21. Ndf5 Bxf5
22. exf5 Qg7 23. Qf3 Nf6 24. Bxf4 gxf4 25. Qxf4 Qg5 26. Qf3 Kh8 27. g3 Rg8 28.
h4 Qg7 29. Kg2 Rae8 30. a4 Qf8 31. Nd5 Nxd5 32. Qxd5 Rxe1 33. Rxe1 Qg7 34. f6
Qxf6 35. Re2 bxa4 36. Qd3 Qg7 37. Re4 Qg6 38. h5 Qf5 39. Qe2 a3 40. bxa3 Qf6 41.
Qd2 Rg5 42. f4 Rg8 43. Re2 Qg7 44. Qd3 d5 45. Kf1 c6 46. Qf5 Bd8 47. g4 Bf6 48.
Re3 Bd8 49. Rg3 Bh4 50. Re3 Bd8 51. a4 a5 52. Bd3 Rf8 53. Re2 Rg8 54. Rg2 Bf6
55. g5 Bxc3 56. Rg4 Bb4 57. Kg2 f6 58. Kh3 fxg5 59. fxg5 Rf8 60. gxh6 Qxh6 61.
Qe5+ Qf6 62. Qxf6+ Rxf6 63. Kg2 Bf8 64. Bg6 Bh6 65. Be8 Re6 66. Rg6 Rxg6+ 67.
hxg6 c5 68. Bc6 d4 69. Bb5 Kg7 70. Kf3 Kxg6 71. Ke4 Bd2 72. Kd5 Bb4 73. Bd3+ Kg5
74. Kc4 Kf4 75. Bh7 Ke3 76. Bg6 Kd2 77. Bf5 Kc1 78. Kb3 Kd2 79. Kc4 Ba3 80. Bg6
Kc1 81. Kb3 Bb2 82. Bf5 Bc3 83. Bg6 Bb4 1/2-1/2